| 000 | 00513nam a22001937a 4500 | ||
|---|---|---|---|
| 003 | DO-SdBNP | ||
| 005 | 20211112144003.0 | ||
| 007 | ta | ||
| 008 | 211112b2021 dr ||||| |||| 00| 0 eng d | ||
| 020 | _a9789945627541 | ||
| 040 |
_aDO-SdBNP _bspa _cBNPHU |
||
| 082 | 4 | _222 | |
| 100 | 1 |
_aMejía Rijo, Juan _912033 |
|
| 245 | 1 | 0 |
_aAparentes discrepancias entre la biblioa y la ciencia / _cJuan Mejía Rijo |
| 300 |
_a140 p. ; _c23 cm. |
||
| 590 | _aInventariado, 2021/BT | ||
| 910 | _aBtavárez | ||
| 942 |
_2ddc _cLBS1 |
||
| 999 |
_c50960 _d50960 |
||